000
00227nam a2200097Ia 4500
008
220120s9999||||xx |||||||||||||| ||und||
082
_a
005.1 GUP
100
_a
Gupta, Vikas
245
0
_a
Comdex computer programming
300
_b
0
999
_c
136383
_d
136383